Vista normal Vista MARC

Entrada Corporate Name

Número de registros utilizados en: 1

001 - CONTROL NUMBER

  • control field: 17758

003 - CONTROL NUMBER IDENTIFIER

  • control field: OSt

005 - DATE AND TIME OF LATEST TRANSACTION

  • control field: 20230915230408.0

008 - FIXED-LENGTH DATA ELEMENTS

  • fixed length control field: 230915|| aca||aabn | a|a d

040 ## - CATALOGING SOURCE

  • Original cataloging agency: OSt
  • Transcribing agency: OSt

110 ## - HEADING--CORPORATE NAME

  • Corporate name or jurisdiction name as entry element: Fondo Nacional de Formación Profesional para la Industria de la Construcción

670 ## - SOURCE DATA FOUND

  • Source citation: Work cat.: (OSt)23401: Fondo Nacional de Formación Profesional para la Industria de la Construcción, Habitat Popular y Tecnología : , 1989









Instituto Departamental de Cultura del Meta - Red Departamental de Bibliotecas Públicas del Meta.